| 000 | 01006nam a22002897a 4500 | ||
|---|---|---|---|
| 999 |
_c29505 _d29476 |
||
| 003 | EG-ScBUE | ||
| 005 | 20210926145624.0 | ||
| 008 | 210926s2015 ua f 000 0 ara d | ||
| 017 | _a2014/23202 | ||
| 020 | _a9789777670074 | ||
| 040 |
_aEG-ScBUE _bara _erda _cEG-ScBUE _dEG-ScBUE |
||
| 082 | 0 | 4 |
_a297.1227 _bم ن ص _222 |
| 100 | 1 |
_aمنصور، أحمد صبحي، _eمؤلف. |
|
| 245 | 1 | 0 |
_aلا ناسخ ولا منسوخ في القرآن الكريم / _cد. أحمد صبحي منصور. |
| 250 | _aالطبعة الأولى. | ||
| 264 | 1 |
_aالقاهرة : _bمكتبة مدبولي، _c2015. |
|
| 300 |
_a71 صفحة ؛ _c21 سم |
||
| 336 |
_2rdacontent _aنص _btxt |
||
| 337 |
_2rdamedia _aبدون وسيط _bn |
||
| 338 |
_2rdacarrier _aمجلد _bnc |
||
| 541 | _cDonation. | ||
| 630 | 0 | 7 |
_aقرآن _xناسخ ومنسوخ _2BUEsh _934619 |
| 630 | 0 | 7 |
_aقرآن _xتفسير. _2BUEsh |
| 653 | 7 |
_aBUEsh _bGGEN _cSeptember2021 |
|
| 655 | 7 |
_2BUEsh _vReading book _934232 |
|
| 942 | _2ddc | ||